000 00471nam a22001697a 4500
005 20240108164608.0
008 220225b ||||| |||| 00| 0 eng d
020 _a81-8416-007-0
041 _aeng
082 _a610 GOY-E
100 _aGOYAL, DR. RAMESH K. SHAH Dr. GAURANG
_98334
245 _aELEMENTS OF HUMAN ANATOMY & PHYSIOLOGY & HEALTH EDUCATION
260 _aAHMEDABAD
_bB.S. SHAH PRAKASHAH
300 _a480;p
650 _aPHARMACY
_xD.PHARMA
942 _cBK
999 _c7983
_d7981